Goodwill's basic english grammar / (Record no. 29501)

MARC details
000 -LEADER
fixed length control field 00794nam a22002177a 4500
005 - DATE AND TIME OF LATEST TRANSACTION
control field 20090824120445.0
008 - FIXED-LENGTH DATA ELEMENTS--GENERAL INFORMATION
fixed length control field 090824t xxu||||| |||| 00| 0 eng d
010 ## - LCCN (DPL NO)
LC control number ENG-94851
020 ## - INTERNATIONAL STANDARD BOOK NUMBER
International Standard Book Number 9788172450342
Terms of availability 65.00
035 ## - SYSTEM CONTROL NUMBER
System control number EN-78384
037 ## - SOURCE OF ACQUISITION
Source of stock number/acquisition DBAD / PUB
040 ## - CATALOGING SOURCE
Original cataloging agency dpl
Language of cataloging English
082 ## - DEWEY DECIMAL CLASSIFICATION NUMBER
Classification number 485
100 ## - MAIN ENTRY--PERSONAL NAME
Personal name Arnold, Thomas Kurchever
245 ## - TITLE STATEMENT
Title Goodwill's basic english grammar /
Statement of responsibility, etc by Thomas Kurchever Arnold
260 ## - PUBLICATION, DISTRIBUTION, ETC. (IMPRINT)
Place of publication, distribution, etc New Delhi
Name of publisher, distributor, etc Goodwill Publishing House
Date of publication, distribution, etc (200?)
270 ## - ADDRESS
Address B-3, Rattan Jyoti, 18 Rajendra Place
City New Delhi
Postal code 110008
300 ## - PHYSICAL DESCRIPTION
Extent ix, 214p.
Dimensions 22cm(pbk)
942 ## - ADDED ENTRY ELEMENTS (KOHA)
Source of classification or shelving scheme Dewey Decimal Classification
Item type English Books
Classification part 485
Call number suffix ARN
Holdings
Withdrawn status Lost status Source of classification or shelving scheme Damaged status Not for loan Collection code Home library Current library Date acquired Source of acquisition Cost, normal purchase price Total Checkouts Full call number Barcode Date last seen Copy number Cost, replacement price Koha item type
    Dewey Decimal Classification   Not For Loan Non-fiction D.B.Act.Division D.B.Act.Division 24/08/2009 DBAD / PUB 65.00   485 ARN EN-78384 24/08/2009 1 65.00 English Books

© Delhi Public Library
Hit Counter
free hit counter